00718nam a2200205Ia 4500008004100000020002200041245010700063260002700170300003400197504004100231500002000272650003900292650004700331650005000378650003900428700001800467003000100485005001700486040000900503  a1853395447 (pbk.)00aLand, rights and innovation :bimproving tenure security for the urban poor /ceditor, Geoffrey Payne. aLondon :bITDG,c2002. axvi, 336 p. :bill. ;c24 cm. aIncludes bibliographical references. aIncludes index. 0aLand tenurezDeveloping countries. 0aUrban poorxHousingzDeveloping countries. 0aCity planningxHousingzDeveloping countries. 0aLand reformzDeveloping countries.1 aPayne, Geoff.20230123124944.0 cNUST